header

Psychosis (madness) (Record no. 129186)

MARC details
000 -LEADER
fixed length control field 01051nam a2200277Ia 4500
245 00 - TITLE STATEMENT
Title Psychosis (madness)
260 ## - PUBLICATION, DISTRIBUTION, ETC. (IMPRINT)
Place of publication London :
Name of publisher Institute of Psycho-Analysis,
Year of publication 1999.
300 ## - PHYSICAL DESCRIPTION
Number of Pages 95 p.
650 #0 - SUBJECT ADDED ENTRY--TOPICAL TERM
Topical Term Psychoses.
Topical Term Psychology, Pathological.
700 1# - ADDED ENTRY--PERSONAL NAME
Personal name Williams, Paul.
856 40 - ELECTRONIC LOCATION AND ACCESS
Uniform Resource Identifier http://site.ebrary.com/lib/rucke/Doc?id=10463848

No items available.

© 2026 Rongo University
Contact us: librarian | system librarian | Rongo university